ბათუმის შოთა რუსთაველის სახელმწიფო უნივერსიტეტის ბიბლიოთეკა

ჩემი პასუხი : (ბიბ.ჩანაწერი № 63718)

000 -ლიდერი
ფიქსირებული სიგრძის საკონტროლო ველი 02059nam a22002777a 4500
003 - საკონტროლო ნომრის იდენტიფიკატორი
საკონტროლო ველი Ge_BSU
005 - ბოლო ოპერაციის თარიღი და დრო
საკონტროლო ველი 20251215144346.0
008 - ფიქსირებული სიგრძის მონაცემთა ელემენტები - ზოგადი ინფორმაცია
ფიქსირებული სიგრძის საკონტროლო ველი 251215s2023 ge ||||| |||| 00| 0 geo d
020 ## - წიგნის საერთაშორისო სტანდარტული ნომერი
International Standard Book Number 9789941980282
041 ## - ენის კოდი
Language code of text/sound track or separate title geo
080 ## - უნივერსალური ათობითი კლასიფიკაციის ინდექსი
Universal Decimal Classification number 94(479.22) : 355.48(479.22)(092) კ-45
100 ## - მთავარი ჩანაწერი - პიროვნების სახელი
Personal name კვინიტაძე, გიორგი
9 (RLIN) 26505
245 ## - ცნობა სათაურის შესახებ
Title ჩემი პასუხი :
Remainder of title ნოე ჟორდანიას "ჩემი წარსულის გამო" /
Statement of responsibility, etc Gen. G. Kvinitaze, საქართველოს ჯარების ყოფილი მთავარსარდალი; ქართულიდან ფრანგულად თარგმნა ოთარ პატარიძემ; საქართველოს პარლამენტის ეროვნული ბიბლიოთეკა.
264 ## - წარმოების, გამოცემის, დისტრიბუციის და სხვა ცნობები
გამოცემის, წარმოების, დისტრიბუციის... ადგილი თბილისი :
გამოცემის, წარმოების, დისტრიბუციის... სახელწოდება საქართველოს პარლამენტის ეროვნული ბიბლიოთეკა,
გამოცემის, წარმოების, დისტრიბუციის... თარიღი 2023.
300 ## - ფიზიკური აღწერა
Extent 79 გვ. ;
Other physical details 21 სმ.
500 ## - ზოგადი შენიშვნა
General note თავფურცლის მე-3 გვერდი ფრანგულ ენაზე.
ტექსტი ქართულ და ფრანგულ ენებზე.
653 ## - INDEX TERM--UNCONTROLLED
Uncontrolled term ჟორდანია, ნოე, 1868-1953.
653 ## - INDEX TERM--UNCONTROLLED
Uncontrolled term კვინიტაძე, გიორგი, 1874-1970.
653 ## - INDEX TERM--UNCONTROLLED
Uncontrolled term საქართველოს ისტორია -- XX ს.
653 ## - INDEX TERM--UNCONTROLLED
Uncontrolled term ქართველი გენერლები
653 ## - INDEX TERM--UNCONTROLLED
Uncontrolled term ქართული მემუარული ლიტერატურა
700 ## - ADDED ENTRY--PERSONAL NAME
Personal name პატარიძე, ოთარ
Relator term მთარგმნელი
9 (RLIN) 26506
710 ## - ADDED ENTRY--CORPORATE NAME
Corporate name or jurisdiction name as entry element საქართველოს პარლამენტის ეროვნული ბიბლიოთეკა.
9 (RLIN) 26507
856 ## - ELECTRONIC LOCATION AND ACCESS
Uniform Resource Identifier https://dspace.nplg.gov.ge/bitstream/1234/455546/1/Chemi_Pasuxi.pdf
Link text ელ. ვერსია
942 ## - ADDED ENTRY ELEMENTS (KOHA)
Source of classification or shelving scheme
Koha item type წიგნი
ეგზემპლარები
ჩამოწერის სტატუსი დაკარგული ეგზემპლარის სტატუსი კლასიფიკაციის წყარო ან თაროზე გაწყობის სქემა დაზიანების სტატუსი არ გაიცემა მუდმივი მდებარეობა (დაცვის ადგილი) ამჟამინდელი ადგილსამყოფელი თაროზე განთავსების ადგილი შეძენის თარიღი ღირებულება, შესყიდვის ნორმალური ფასი სრული შენახვის შიფრი შტრიხკოდი ბოლო ოპერაციის თარიღი ეგზემპლარის მიმდევრობითი ნომერი (კეტერი?) Uniform Resource Identifier ფასის ძალაში შესვლის თარიღი ეგზემპლარის სახეობა საჯარო შენიშვნა
          ბათუმის შოთა რუსთაველის სახელმწიფო უნივერსიტეტის მთავარი ბიბლიოთეკა ბათუმის შოთა რუსთაველის სახელმწიფო უნივერსიტეტის მთავარი ბიბლიოთეკა წიგნსაცავი 2025-12-15 5.00 94(479.22) : 355.48(479.22)(092) კ-45 73274 2025-12-15 73274 საჩუქარი საქართველოს ეროვნული ბიბლიოთეკისაგან 2025-12-15 წიგნი 5 ლ.